000 00288nam a2200145Ia 4500
100 _aBeiser/Arthur
250 _a5
942 _cBK
654 _aPhysics.
245 _aModern Physics.
260 _bTata Mc Graw hill
_aNONE
_c1995
300 _a534
546 _aENGLISH
999 _c24473
_d24473